[Event "1. Bundesliga 2015/2016"]
[Site "St. Veit/Glan"]
[Date "2016.02.25"]
[Round "5"]
[Board "2"]
[White "Kraemer, Martin"]
[Black "Bosiocic, Marin"]
[Result "1-0"]
[WhiteElo "2570"]
[BlackElo "2564"]
[PlyCount "57"]
[EventDate "2015.11.05"]
[EventType "team"]
[EventRounds "11"]
[EventCountry "AUT"]
[WhiteTeam "ASVOE Wulkaprodersdorf"]
[BlackTeam "SV Jacques Lemans St. Veit"]

1.d4 d5 2.c4 c6 3.Nc3 Nf6 4.e3 e6 5.Nf3 Nbd7 6.Qc2 Bd6 7.Bd3 O-O 8.O-O e5 9.cxd5 cxd5
10.Nb5 Bb8 11.dxe5 Nxe5 12.Nxe5 Bxe5 13.Bd2 a6 14.Nd4 Re8 15.Rad1 Ne4 16.Be1 Qf6 17.Bc3
Bg4 18.Be2 Qh4 19.g3 Bxg3 20.fxg3 Nxg3 21.Nf3 Qh3 22.Rf2 Ne4 23.Rg2 Bxf3 24.Rxg7+
Kf8 25.Rf1 Bh5 26.Bxh5 Qxh5 27.Qe2 Re5 28.Rgxf7+ Kg8 29.Qg2+ 1-0

[Event "1. Bundesliga 2015/2016"]
[Site "St. Veit/Glan"]
[Date "2016.02.25"]
[Round "5"]
[Board "3"]
[White "Koop, Thorben"]
[Black "Antal, Gergely"]
[Result "1/2-1/2"]
[WhiteElo "2423"]
[BlackElo "2538"]
[PlyCount "74"]
[EventDate "2015.11.05"]
[EventType "team"]
[EventRounds "11"]
[EventCountry "AUT"]
[WhiteTeam "SV Jacques Lemans St. Veit"]
[BlackTeam "ASVOE Wulkaprodersdorf"]

1.d4 d5 2.Nf3 Nf6 3.g3 g6 4.Bg2 Bg7 5.O-O O-O 6.c4 dxc4 7.Na3 c3 8.bxc3 c5 9.e3 Nc6
10.Qe2 Bf5 11.Nc4 Nd5 12.Bb2 Nb6 13.Nxb6 Qxb6 14.Ba3 cxd4 15.cxd4 Be4 16.Rfc1 Rfd8
17.Bb2 Rac8 18.Bh3 Bf5 19.Bxf5 gxf5 20.Ne1 Na5 21.Ba3 Qe6 22.Nd3 b6 23.Nf4 Qd7 24.Bb4
Nc6 25.Qb5 Nxb4 26.Qxb4 e6 27.Nh5 Qb7 28.Nxg7 Kxg7 29.Qb5 Rxc1+ 30.Rxc1 Rc8 31.Rxc8
Qxc8 32.d5 exd5 33.Qxd5 Qe6 34.Qd4+ Qf6 35.Qc4 Qa1+ 36.Kg2 Qe5 37.Qa6 Qe4+ 1/2-1/2

[Event "1. Bundesliga 2015/2016"]
[Site "St. Veit/Glan"]
[Date "2016.02.25"]
[Round "5"]
[Board "4"]
[White "Schneider, Ilja"]
[Black "Hoelzl, Franz"]
[Result "1-0"]
[WhiteElo "2505"]
[BlackElo "2327"]
[PlyCount "71"]
[EventDate "2015.11.05"]
[EventType "team"]
[EventRounds "11"]
[EventCountry "AUT"]
[WhiteTeam "ASVOE Wulkaprodersdorf"]
[BlackTeam "SV Jacques Lemans St. Veit"]

1.d4 Nf6 2.Bg5 e6 3.e4 h6 4.Bxf6 Qxf6 5.Nc3 Bb4 6.Qd3 b6 7.Nge2 Ba6 8.Qe3 O-O 9.a3
Bxc3+ 10.Nxc3 Bxf1 11.Rxf1 d5 12.exd5 exd5 13.Nxd5 Qd8 14.Ne7+ Kh8 15.O-O-O Re8 16.Rfe1
Nd7 17.Qf3 Nf6 18.Re5 Qd7 19.Nf5 Rad8 20.Nxh6 c5 21.Rxe8+ Qxe8 22.Nf5 cxd4 23.Nxd4
Qe5 24.c3 Kg8 25.g3 Re8 26.h4 Qc5 27.Nf5 g6 28.Nd6 Re6 29.Qb7 Rxd6 30.Qb8+ Ne8 31.Qxe8+
Kg7 32.Rxd6 Qxd6 33.Qe4 Kg8 34.Qa8+ Kg7 35.Qxa7 Qe6 36.Qa4 1-0

[Event "1. Bundesliga 2015/2016"]
[Site "St. Veit/Glan"]
[Date "2016.02.25"]
[Round "5"]
[Board "5"]
[White "Hebesberger, Thomas"]
[Black "Volkmann, Friedrich Karl"]
[Result "0-1"]
[WhiteElo "2319"]
[BlackElo "2433"]
[PlyCount "118"]
[EventDate "2015.11.05"]
[EventType "team"]
[EventRounds "11"]
[EventCountry "AUT"]
[WhiteTeam "SV Jacques Lemans St. Veit"]
[BlackTeam "ASVOE Wulkaprodersdorf"]

1.c4 Nf6 2.g3 c6 3.Nf3 d5 4.b3 Bg4 5.Bg2 Nbd7 6.Bb2 e6 7.O-O Bd6 8.d4 O-O 9.Ne5 Bh5
10.Nd2 Qe7 11.Re1 Rfd8 12.Qc2 Ba3 13.Ndf3 a5 14.Nxd7 Nxd7 15.Bxa3 Qxa3 16.Rec1 Bg6
17.Qc3 Be4 18.c5 Bxf3 19.Bxf3 e5 20.e3 Re8 21.Rab1 exd4 22.exd4 Qb4 23.Qb2 Nf6 24.a3
Qb5 25.Re1 Qd3 26.Bg2 h5 27.Bf1 Qf5 28.Qd2 Ne4 29.Qf4 Qxf4 30.gxf4 Nd2 31.Rxe8+ Rxe8
32.Rb2 Nf3+ 33.Kg2 Nxd4 34.b4 axb4 35.Rxb4 Ne6 36.Rxb7 Nxc5 37.Rc7 Re6 38.Kf3 Kf8
39.Bb5 Nb3 40.Ba4 Nd4+ 41.Kg3 g6 42.Kg2 Kg7 43.Kf1 Kf6 44.Bd1 Re7 45.Rxe7 Kxe7 46.Ke1
Kd6 47.Kd2 c5 48.Kc3 Kc7 49.Kd3 Kb6 50.Ba4 Nb5 51.f5 c4+ 52.Ke3 d4+ 53.Ke4 d3 54.Ke3
h4 55.fxg6 fxg6 56.f4 Kc5 57.h3 Nc3 58.Be8 Nd5+ 59.Kf3 c3 0-1

[Event "1. Bundesliga 2015/2016"]
[Site "St. Veit/Glan"]
[Date "2016.02.25"]
[Round "5"]
[Board "6"]
[White "Mesaros, Florian"]
[Black "Ceschia, Ivano"]
[Result "1-0"]
[WhiteElo "2307"]
[BlackElo "2253"]
[PlyCount "121"]
[EventDate "2015.11.05"]
[EventType "team"]
[EventRounds "11"]
[EventCountry "AUT"]
[WhiteTeam "ASVOE Wulkaprodersdorf"]
[BlackTeam "SV Jacques Lemans St. Veit"]

1.Nf3 Nf6 2.c4 g6 3.Nc3 d5 4.cxd5 Nxd5 5.Qb3 Nb6 6.d4 Bg7 7.Bf4 O-O 8.Rd1 Nc6 9.e3
a5 10.Be2 a4 11.Qc2 Nb4 12.Qc1 c6 13.O-O Be6 14.a3 N4d5 15.Bg3 Nxc3 16.Qxc3 Nd5 17.Qd3
Qb6 18.Ng5 Bc8 19.Qd2 Rd8 20.Bc4 h6 21.Nf3 Nc7 22.Qe2 Ne6 23.Ne5 c5 24.d5 Nf8 25.d6
e6 26.Qf3 f6 27.Nd3 Kh7 28.Nf4 e5 29.Qd5 h5 30.Qg8+ Kh6 31.Nd5 Qxd6 32.Nc3 Qe7 33.Rxd8
Qxd8 34.f4 Bf5 35.fxe5 fxe5 36.e4 Bg4 37.Bf2 Ne6 38.Be3+ g5 39.Qf7 Nf4 40.g3 Nh3+
41.Kg2 Qd6 42.Nb5 Qb6 43.Qc7 Qg6 44.Qd6 Rd8 45.Qxg6+ Kxg6 46.Nc7 Nf4+ 47.gxf4 exf4
48.h3 Bxh3+ 49.Kxh3 g4+ 50.Kg2 fxe3 51.Nd5 Bxb2 52.Rd1 Kg5 53.Rb1 Bd4 54.Re1 h4 55.Rf1
h3+ 56.Kh2 Kh4 57.Be2 c4 58.Rf5 c3 59.Nf4 g3+ 60.Kg1 g2 61.Ng6+ 1-0

[Event "1. Bundesliga 2015/2016"]
[Site "St. Veit/Glan"]
[Date "2016.02.25"]
[Round "5"]
[Board "1"]
[White "Luther, Thomas"]
[Black "Bromberger, Stefan"]
[Result "1/2-1/2"]
[WhiteElo "2558"]
[BlackElo "2531"]
[PlyCount "60"]
[EventDate "2015.11.05"]
[EventType "team"]
[EventRounds "11"]
[EventCountry "AUT"]
[WhiteTeam "Schachklub Absam"]
[BlackTeam "SIR Royal Salzburg"]

1.d4 d5 2.Nf3 Nf6 3.e3 e6 4.c4 c5 5.cxd5 exd5 6.Bb5+ Bd7 7.Bxd7+ Nbxd7 8.dxc5 Nxc5
9.O-O Be7 10.b3 O-O 11.Bb2 Qa5 12.Nc3 Nce4 13.Ne2 Rac8 14.Nfd4 Ba3 15.Bxa3 Qxa3 16.f3
Nd6 17.Qd2 Rc7 18.Rac1 Re7 19.Ng3 Rfe8 20.Rfe1 g6 21.Nf1 Nh5 22.Rc2 Ng7 23.Rec1 Qa6
24.Rc5 Ndf5 25.Nxf5 Nxf5 26.Rxd5 Nxe3 27.Nxe3 Rxe3 28.Rd8 Qb6 29.Rxe8+ Rxe8+ 30.Kh1
Qe3 1/2-1/2

[Event "1. Bundesliga 2015/2016"]
[Site "St. Veit/Glan"]
[Date "2016.02.25"]
[Round "5"]
[Board "2"]
[White "Mons, Leon"]
[Black "Bayer, Bernhard"]
[Result "1/2-1/2"]
[WhiteElo "2461"]
[BlackElo "2429"]
[PlyCount "60"]
[EventDate "2015.11.05"]
[EventType "team"]
[EventRounds "11"]
[EventCountry "AUT"]
[WhiteTeam "SIR Royal Salzburg"]
[BlackTeam "Schachklub Absam"]

1.e4 e5 2.Bc4 Nf6 3.d3 Be7 4.Nf3 d6 5.O-O c6 6.Re1 Nbd7 7.c3 O-O 8.Bb3 b5 9.Nbd2 a5
10.a4 Qc7 11.d4 Nb6 12.Nf1 Nxa4 13.Bxa4 bxa4 14.dxe5 dxe5 15.Qxa4 Nd7 16.Be3 c5 17.c4
Nb8 18.Bd2 Nc6 19.Ne3 Qb7 20.Nd5 Bd6 21.Qb5 Rb8 22.Qxb7 Rxb7 23.Bc3 Bg4 24.Nd2 Ra8
25.f3 Bd7 26.Nf1 f6 27.Nfe3 a4 28.Red1 Nd4 29.Kf2 Rab8 30.Ra2 Bf8 1/2-1/2

[Event "1. Bundesliga 2015/2016"]
[Site "St. Veit/Glan"]
[Date "2016.02.25"]
[Round "5"]
[Board "3"]
[White "Dizdar, Goran"]
[Black "Seyb, Alexander"]
[Result "1/2-1/2"]
[WhiteElo "2512"]
[BlackElo "2417"]
[PlyCount "71"]
[EventDate "2015.11.05"]
[EventType "team"]
[EventRounds "11"]
[EventCountry "AUT"]
[WhiteTeam "Schachklub Absam"]
[BlackTeam "SIR Royal Salzburg"]

1.Nf3 Nf6 2.g3 g6 3.Bg2 Bg7 4.c4 c5 5.d4 cxd4 6.Nxd4 O-O 7.Nc3 Nc6 8.Nc2 d6 9.O-O
Be6 10.b3 Qd7 11.Bb2 Bh3 12.Ne3 Bxg2 13.Kxg2 e6 14.Qd2 Rfd8 15.Rad1 a6 16.Qc1 Ne5
17.f3 b5 18.Nxb5 axb5 19.Bxe5 Qc6 20.Bd4 Rxa2 21.Rd2 Rda8 22.Rfd1 bxc4 23.Qxc4 Qxc4
24.Nxc4 d5 25.Nb6 Rxd2 26.Rxd2 Rd8 27.Rc2 Nd7 28.Bxg7 Kxg7 29.Nc8 Ne5 30.Rc7 d4 31.f4
d3 32.exd3 Nxd3 33.Kf3 Nb4 34.Ke2 Nd5 35.Rc6 h6 36.Nb6 1/2-1/2

[Event "1. Bundesliga 2015/2016"]
[Site "St. Veit/Glan"]
[Date "2016.02.25"]
[Round "5"]
[Board "4"]
[White "Hilverda, Alexander"]
[Black "Rotstein, Arkadij"]
[Result "0-1"]
[WhiteElo "2378"]
[BlackElo "2513"]
[PlyCount "138"]
[EventDate "2015.11.05"]
[EventType "team"]
[EventRounds "11"]
[EventCountry "AUT"]
[WhiteTeam "SIR Royal Salzburg"]
[BlackTeam "Schachklub Absam"]

1.e4 c5 2.Nf3 e6 3.d4 cxd4 4.Nxd4 a6 5.c4 Nf6 6.Nc3 Qc7 7.Be2 b6 8.O-O Bb7 9.f3 Be7
10.Be3 O-O 11.Qd2 d6 12.a4 Rc8 13.Rfc1 Qd8 14.a5 bxa5 15.Nd1 Nc6 16.Nxc6 Rxc6 17.Qxa5
Qxa5 18.Rxa5 Bd8 19.Ra3 a5 20.Nc3 Ba6 21.Nb5 Bxb5 22.cxb5 Rxc1+ 23.Bxc1 Bb6+ 24.Be3
Nd7 25.Kf2 Kf8 26.Rc3 Bc5 27.Bxc5 Nxc5 28.e5 Ke7 29.Rc4 a4 30.f4 Rb8 31.exd6+ Kxd6
32.Ke3 Rb6 33.Rb4 f6 34.Kd4 e5+ 35.fxe5+ fxe5+ 36.Kc3 Kd5 37.Bf3+ e4 38.Be2 Rf6 39.Rd4+
Ke5 40.Kc4 Rf2 41.Kxc5 Rxe2 42.Rxa4 Rxb2 43.Rb4 Rc2+ 44.Rc4 Rxg2 45.b6 Rb2 46.Rb4
Rxb4 47.Kxb4 Kd6 48.Kb5 e3 49.Ka6 e2 50.b7 e1=Q 51.b8=Q+ Ke7 52.Qc7+ Kf6 53.Qf4+ Kg6
54.Qg4+ Kh6 55.Qh3+ Kg5 56.Qxh7 Qe5 57.Kb6 Kg4 58.Kc6 g5 59.Qd7+ Kf3 60.Qh3+ Kf2 61.Qh5
Qf4 62.Kd5 g4 63.Ke6 Kg2 64.Qh4 Qf3 65.Qh5 Qh3 66.Qe5 g3+ 67.Kd6 Kxh2 68.Qe2+ g2 69.Kc7
Qf5 0-1

[Event "1. Bundesliga 2015/2016"]
[Site "St. Veit/Glan"]
[Date "2016.02.25"]
[Round "5"]
[Board "5"]
[White "Deglmann, Ludwig"]
[Black "Tischbierek, Raj"]
[Result "0-1"]
[WhiteElo "2320"]
[BlackElo "2442"]
[PlyCount "66"]
[EventDate "2015.11.05"]
[EventType "team"]
[EventRounds "11"]
[EventCountry "AUT"]
[WhiteTeam "Schachklub Absam"]
[BlackTeam "SIR Royal Salzburg"]

1.d4 d5 2.c4 c6 3.Nf3 Nf6 4.Nc3 dxc4 5.a4 Na6 6.e3 Bg4 7.Bxc4 e6 8.O-O Nb4 9.a5 Be7
10.h3 Bh5 11.Qe2 O-O 12.Rd1 b5 13.axb6 axb6 14.Rxa8 Qxa8 15.e4 Rd8 16.Bf4 Qb7 17.g4
Bg6 18.Ne5 b5 19.Bb3 c5 20.Nxg6 hxg6 21.Qxb5 Qxb5 22.Nxb5 Nxe4 23.f3 Nf6 24.dxc5 Bxc5+
25.Kf1 Rxd1+ 26.Bxd1 Nd3 27.Bd2 Nxb2 28.Bb3 Nd3 29.Ke2 Nb4 30.f4 Kf8 31.Kf3 Nfd5 32.Bc4
Ke7 33.Bb3 f5 0-1

[Event "1. Bundesliga 2015/2016"]
[Site "St. Veit/Glan"]
[Date "2016.02.25"]
[Round "5"]
[Board "6"]
[White "Pitl, Gregory"]
[Black "De Francesco, Klaus"]
[Result "0-1"]
[WhiteElo "2396"]
[BlackElo "2275"]
[PlyCount "58"]
[EventDate "2015.11.05"]
[EventType "team"]
[EventRounds "11"]
[EventCountry "AUT"]
[WhiteTeam "SIR Royal Salzburg"]
[BlackTeam "Schachklub Absam"]

1.e4 e6 2.d4 d5 3.Nc3 Nf6 4.e5 Nfd7 5.f4 c5 6.Nf3 Nc6 7.Be3 Be7 8.Qd2 O-O 9.dxc5 Qa5
10.O-O-O b6 11.Bb5 Bb7 12.cxb6 axb6 13.Nd4 Nxd4 14.Bxd4 Nc5 15.a3 Rfc8 16.Qe2 Ne4
17.Nxe4 dxe4 18.h4 Rc7 19.Rh3 Rac8 20.Bc3 Rxc3 21.Rxc3 Rxc3 22.bxc3 Qxc3 23.Rd7 Bxa3+
24.Kd1 Qa1+ 25.Kd2 Bb4+ 26.c3 Qxc3+ 27.Kd1 Qa1+ 28.Kc2 Qa2+ 29.Kc1 Ba3+ 0-1

[Event "1. Bundesliga 2015/2016"]
[Site "St. Veit/Glan"]
[Date "2016.02.25"]
[Round "5"]
[Board "1"]
[White "Schmidt, Peter"]
[Black "Bindrich, Falko"]
[Result "0-1"]
[WhiteElo "2386"]
[BlackElo "2574"]
[PlyCount "70"]
[EventDate "2015.11.05"]
[EventType "team"]
[EventRounds "11"]
[EventCountry "AUT"]
[WhiteTeam "Spg Sauwald"]
[BlackTeam "SK Hohenems"]

1.d4 Nf6 2.Bg5 d5 3.Bxf6 exf6 4.e3 Bd6 5.g3 c6 6.Bg2 f5 7.Ne2 Nd7 8.Nd2 Nf6 9.O-O
O-O 10.c4 dxc4 11.Nxc4 Bc7 12.Qc2 Qe7 13.Nd2 Be6 14.Nb3 Rad8 15.Nc5 Bc8 16.b4 h5 17.a4
Bb8 18.b5 cxb5 19.axb5 h4 20.b6 axb6 21.Na4 b5 22.Qc5 Qe8 23.Nac3 Ng4 24.Nf4 Bd6 25.Qxb5
Qe7 26.Ncd5 Qg5 27.Rfc1 Qh6 28.Rc3 Kh8 29.Nb6 Be6 30.Nxe6 fxe6 31.Nc4 hxg3 32.hxg3
Bxg3 33.fxg3 Qh2+ 34.Kf1 Qxg3 35.Ne5 Qf2# 0-1

[Event "1. Bundesliga 2015/2016"]
[Site "St. Veit/Glan"]
[Date "2016.02.25"]
[Round "5"]
[Board "2"]
[White "Rozentalis, Eduardas"]
[Black "Testor, Sebastian"]
[Result "1-0"]
[WhiteElo "2584"]
[BlackElo "2330"]
[PlyCount "39"]
[EventDate "2015.11.05"]
[EventType "team"]
[EventRounds "11"]
[EventCountry "AUT"]
[WhiteTeam "SK Hohenems"]
[BlackTeam "Spg Sauwald"]

1.e4 e6 2.d4 d5 3.Nd2 Be7 4.e5 c5 5.c3 Nc6 6.Bd3 cxd4 7.cxd4 Nh6 8.Ne2 Nf5 9.Nf3 Qa5+
10.Bd2 Qb6 11.Bc3 O-O 12.Nf4 Qd8 13.h4 f6 14.Bxf5 exf5 15.Qb3 Kh8 16.h5 Na5 17.Qxd5
Qxd5 18.Nxd5 Bd8 19.h6 g5 20.Nxf6 1-0

[Event "1. Bundesliga 2015/2016"]
[Site "St. Veit/Glan"]
[Date "2016.02.25"]
[Round "5"]
[Board "3"]
[White "Hiermann, Dietmar"]
[Black "Martinovic, Sasa"]
[Result "0-1"]
[WhiteElo "2270"]
[BlackElo "2539"]
[PlyCount "96"]
[EventDate "2015.11.05"]
[EventType "team"]
[EventRounds "11"]
[EventCountry "AUT"]
[WhiteTeam "Spg Sauwald"]
[BlackTeam "SK Hohenems"]

1.e4 c5 2.Nf3 d6 3.Bc4 Nc6 4.c3 Nf6 5.d3 Bg4 6.Qb3 e6 7.Qxb7 Rc8 8.Bb5 Qd7 9.Qxd7+
Nxd7 10.Nbd2 Be7 11.h3 Bh5 12.Nf1 O-O 13.Ng3 Bg6 14.O-O Rc7 15.Ba4 Rb8 16.Rb1 h5 17.h4
Nde5 18.Bxc6 Rxc6 19.Nxe5 dxe5 20.Bg5 f6 21.Be3 f5 22.exf5 exf5 23.f4 Bxh4 24.Ne2
exf4 25.Nxf4 Bf7 26.b3 Bf6 27.Rbc1 g5 28.Nh3 f4 29.Bf2 Kg7 30.Rfd1 Rd8 31.Kf1 Kg6
32.Bg1 Be6 33.Nf2 Bf5 34.a3 Rcd6 35.Ke2 Re6+ 36.Kf1 Red6 37.Ke2 Re6+ 38.Kf1 Ra6 39.Ne4
Bxe4 40.dxe4 Rxd1+ 41.Rxd1 Rxa3 42.Rd6 Ra1+ 43.Ke2 Rxg1 44.Kf2 Rc1 45.e5 Rc2+ 46.Kf1
g4 47.Rxf6+ Kg5 48.Rf8 Rxc3 0-1

[Event "1. Bundesliga 2015/2016"]
[Site "St. Veit/Glan"]
[Date "2016.02.25"]
[Round "5"]
[Board "4"]
[White "Atlas, Valery"]
[Black "Hellmayr, Alois"]
[Result "1/2-1/2"]
[WhiteElo "2453"]
[BlackElo "2248"]
[PlyCount "98"]
[EventDate "2015.11.05"]
[EventType "team"]
[EventRounds "11"]
[EventCountry "AUT"]
[WhiteTeam "SK Hohenems"]
[BlackTeam "Spg Sauwald"]

1.e4 c5 2.Nf3 e6 3.d4 cxd4 4.Nxd4 a6 5.Nc3 Qc7 6.g3 Nf6 7.Bg2 Nc6 8.O-O Nxd4 9.Qxd4
Bc5 10.Bf4 Bxd4 11.Bxc7 Bxc3 12.bxc3 d5 13.Rfd1 Bd7 14.e5 Rc8 15.Bd6 Ne4 16.Bxe4 dxe4
17.Rd4 Bc6 18.c4 f5 19.a4 g5 20.a5 h5 21.Rad1 Rh7 22.Bb4 Rd7 23.Rd6 Rxd6 24.Rxd6 Bd7
25.c5 Rc6 26.Rd4 Rc7 27.Kf1 Bc6 28.Bd2 Bd7 29.Bb4 Bc6 30.Bd2 Rg7 31.h4 gxh4 32.gxh4
Rd7 33.Rd6 Rxd6 34.cxd6 Bb5+ 35.Kg2 Ba4 36.c3 Kd7 37.Kg3 Kc6 38.Kf4 Bd1 39.Kg5 Kd7
40.Kf6 Be2 41.Be3 Bf3 42.Bb6 Be2 43.Kg5 Bd1 44.Kf4 Kc6 45.Ke3 Kd7 46.Kd4 Kc6 47.Bd8
Ba4 48.Bg5 Bd1 49.Bd2 Be2 1/2-1/2

[Event "1. Bundesliga 2015/2016"]
[Site "St. Veit/Glan"]
[Date "2016.02.25"]
[Round "5"]
[Board "5"]
[White "Renner, Christoph"]
[Black "Froewis, Georg"]
[Result "0-1"]
[WhiteElo "2326"]
[BlackElo "2452"]
[PlyCount "72"]
[EventDate "2015.11.05"]
[EventType "team"]
[EventRounds "11"]
[EventCountry "AUT"]
[WhiteTeam "Spg Sauwald"]
[BlackTeam "SK Hohenems"]

1.d4 g6 2.e4 Bg7 3.Nf3 d6 4.c3 Nf6 5.Bd3 O-O 6.O-O Nc6 7.d5 Ne5 8.Nxe5 dxe5 9.c4 Ne8
10.Be3 f5 11.f3 f4 12.Bf2 g5 13.c5 Nf6 14.Nd2 Qe8 15.Nc4 g4 16.Nxe5 Qh5 17.Nc4 g3
18.hxg3 fxg3 19.Bxg3 Qg5 20.Bh2 Nh5 21.e5 b5 22.cxb6 axb6 23.Qd2 Nf4 24.Bxf4 Rxf4
25.Rfe1 b5 26.Na5 Bxe5 27.Rxe5 Qxe5 28.Nc6 Qd6 29.Nxe7+ Kf7 30.Nxc8 Rxc8 31.Rc1 Rg8
32.Rc6 Qe5 33.Bxh7 Rg7 34.Re6 Rd4 35.Rxe5 Rxd2 36.Rf5+ Ke7 0-1

[Event "1. Bundesliga 2015/2016"]
[Site "St. Veit/Glan"]
[Date "2016.02.25"]
[Round "5"]
[Board "6"]
[White "Studer, Noël"]
[Black "Taggatz, Mario"]
[Result "1-0"]
[WhiteElo "2438"]
[BlackElo "2209"]
[PlyCount "91"]
[EventDate "2015.11.05"]
[EventType "team"]
[EventRounds "11"]
[EventCountry "AUT"]
[WhiteTeam "SK Hohenems"]
[BlackTeam "Spg Sauwald"]

1.d4 d5 2.c4 dxc4 3.e3 e5 4.Bxc4 exd4 5.exd4 Bd6 6.Nc3 Nf6 7.Nf3 O-O 8.O-O Nc6 9.h3
h6 10.Be3 Bf5 11.Nh4 Bh7 12.Rc1 Be7 13.Nf3 Bd6 14.a3 a6 15.Ba2 Qd7 16.Na4 Rad8 17.d5
Ne7 18.Nc3 Ne4 19.Ne2 Nf6 20.Nc3 Ne4 21.Bd4 c5 22.Nxe4 Bxe4 23.Bxc5 Bxd5 24.Bb1 Bxc5
25.Rxc5 Be6 26.Qc2 g6 27.Qc1 Kh7 28.Rh5 Ng8 29.Qc3 f6 30.Rc5 Rc8 31.Nd4 Rxc5 32.Qxc5
Rc8 33.Nxe6 Qxe6 34.Qb4 Rc7 35.Re1 Qd7 36.h4 h5 37.Ba2 Ne7 38.Qb3 Nf5 39.Qg8+ Kh6
40.Qh8+ Qh7 41.Qxf6 Qg7 42.Qg5+ Kh7 43.Bb1 Qh6 44.Qd8 Rc1 45.Qd7+ Ng7 46.Bxg6+ 1-0

[Event "1. Bundesliga 2015/2016"]
[Site "St. Veit/Glan"]
[Date "2016.02.25"]
[Round "5"]
[Board "1"]
[White "Ragger, Markus"]
[Black "Haba, Petr"]
[Result "1-0"]
[WhiteElo "2697"]
[BlackElo "2481"]
[PlyCount "43"]
[EventDate "2015.11.05"]
[EventType "team"]
[EventRounds "11"]
[EventCountry "AUT"]
[WhiteTeam "SC MPOE Maria Saal"]
[BlackTeam "Spk. Grieskirchen/Bad Schallerbach"]

1.d4 d5 2.c4 e6 3.Nf3 Nf6 4.g3 dxc4 5.Bg2 Bb4+ 6.Bd2 c5 7.Bxb4 cxb4 8.Ne5 O-O 9.a3
c3 10.bxc3 bxc3 11.Nxc3 Nbd7 12.O-O Nxe5 13.dxe5 Qxd1 14.Rfxd1 Ng4 15.Rab1 Nxe5 16.Nb5
a6 17.Nd6 g6 18.f4 Ng4 19.Rdc1 Rd8 20.Rb6 Nf6 21.e4 e5 22.Nxc8 1-0

[Event "1. Bundesliga 2015/2016"]
[Site "St. Veit/Glan"]
[Date "2016.02.25"]
[Round "5"]
[Board "2"]
[White "Kilgus, Georg"]
[Black "Predojevic, Borki"]
[Result "0-1"]
[WhiteElo "2410"]
[BlackElo "2654"]
[PlyCount "32"]
[EventDate "2015.11.05"]
[EventType "team"]
[EventRounds "11"]
[EventCountry "AUT"]
[WhiteTeam "Spk. Grieskirchen/Bad Schallerbach"]
[BlackTeam "SC MPOE Maria Saal"]

1.Nf3 d5 2.g3 g6 3.Bg2 Bg7 4.d4 c6 5.O-O Nf6 6.c3 Bf5 7.Nh4 Be4 8.Nf3 O-O 9.Nbd2 Nbd7
10.Nxe4 Nxe4 11.Nd2 Nxd2 12.Bxd2 f5 13.Qb3 Nb6 14.e4 fxe4 15.Bxe4 Nc4 16.Bc1 Na5 0-1

[Event "1. Bundesliga 2015/2016"]
[Site "St. Veit/Glan"]
[Date "2016.02.25"]
[Round "5"]
[Board "3"]
[White "Buhmann, Rainer"]
[Black "Webersberger, Johann"]
[Result "1-0"]
[WhiteElo "2645"]
[BlackElo "2362"]
[PlyCount "151"]
[EventDate "2015.11.05"]
[EventType "team"]
[EventRounds "11"]
[EventCountry "AUT"]
[WhiteTeam "SC MPOE Maria Saal"]
[BlackTeam "Spk. Grieskirchen/Bad Schallerbach"]

1.d4 Nf6 2.c4 c5 3.d5 e5 4.Nc3 d6 5.e4 Nbd7 6.g3 g6 7.h4 a6 8.a4 b6 9.Bh3 Bg7 10.Bg5
h6 11.Bd2 h5 12.Nf3 Nf8 13.Bxc8 Qxc8 14.Qe2 N8h7 15.Kf1 O-O 16.Kg2 a5 17.Raf1 Ra7
18.Nb5 Rd7 19.Ng5 Rdd8 20.f3 Qd7 21.Rf2 Rde8 22.Kf1 Re7 23.Ke1 Ne8 24.g4 f5 25.gxf5
gxf5 26.Rg1 f4 27.Rfg2 Bf6 28.Ne6+ Kf7 29.Nxf8 Nxf8 30.Kd1 Nc7 31.Nc3 Ke8 32.Be1 Rf7
33.Rg8 Qh3 34.R1g2 Ke7 35.Rh2 Qd7 36.Qg2 Ne8 37.Rh1 Rg7 38.Rxg7+ Nxg7 39.Rg1 Kf7 40.Kc2
Qc8 41.Nb5 Qd7 42.Bf2 Kg8 43.Ra1 Bd8 44.b3 Kf7 45.Nc3 Kg8 46.Ne2 Kh7 47.Rg1 Bf6 48.Be1
Qf7 49.Qh3 Qd7 50.Qxd7 Nxd7 51.Nc3 Ne8 52.Nb5 Nf8 53.Bf2 Ng6 54.Kd3 Kg7 55.Na7 Kf7
56.Nc8 Bd8 57.Be1 Nf8 58.Ke2 Nd7 59.Kf1 Nb8 60.Kg2 Nd7 61.Kh3 Nf8 62.Rg2 Nd7 63.Na7
Nf8 64.Nc6 Bf6 65.Nxa5 bxa5 66.Bxa5 Nd7 67.Rb2 Be7 68.Rb1 Nb8 69.b4 cxb4 70.Rxb4 Na6
71.Rb7 Nc5 72.Ra7 Nf6 73.Bb6 Nfd7 74.a5 Ke8 75.Ra8+ Kf7 76.Bxc5 1-0

[Event "1. Bundesliga 2015/2016"]
[Site "St. Veit/Glan"]
[Date "2016.02.25"]
[Round "5"]
[Board "4"]
[White "Schwabeneder, Florian"]
[Black "Kreisl, Robert"]
[Result "1/2-1/2"]
[WhiteElo "2371"]
[BlackElo "2435"]
[PlyCount "64"]
[EventDate "2015.11.05"]
[EventType "team"]
[EventRounds "11"]
[EventCountry "AUT"]
[WhiteTeam "Spk. Grieskirchen/Bad Schallerbach"]
[BlackTeam "SC MPOE Maria Saal"]

1.e4 c6 2.Nc3 d5 3.Nf3 Bg4 4.h3 Bxf3 5.Qxf3 e6 6.a3 Bc5 7.d3 Nd7 8.g3 Ne7 9.Bg2 O-O
10.O-O Ng6 11.Qd1 f5 12.Ne2 fxe4 13.dxe4 Qb6 14.exd5 Bxf2+ 15.Kh2 exd5 16.c4 Nf6 17.cxd5
Nxd5 18.Bxd5+ cxd5 19.Qxd5+ Kh8 20.Nf4 Nxf4 21.Bxf4 Bd4 22.Rab1 Rad8 23.Qg2 h6 24.b4
Be3 25.Bxe3 Qxe3 26.Rxf8+ Rxf8 27.Rf1 Rxf1 28.Qxf1 Qxa3 29.Qf8+ Kh7 30.Qf5+ Kh8 31.Qf8+
Kh7 32.Qf5+ Kh8 1/2-1/2

[Event "1. Bundesliga 2015/2016"]
[Site "St. Veit/Glan"]
[Date "2016.02.25"]
[Round "5"]
[Board "5"]
[White "Tratar, Marko"]
[Black "Lentrodt, Thomas"]
[Result "1/2-1/2"]
[WhiteElo "2472"]
[BlackElo "2263"]
[PlyCount "125"]
[EventDate "2015.11.05"]
[EventType "team"]
[EventRounds "11"]
[EventCountry "AUT"]
[WhiteTeam "SC MPOE Maria Saal"]
[BlackTeam "Spk. Grieskirchen/Bad Schallerbach"]

1.Nf3 Nf6 2.c4 e6 3.g3 b6 4.Bg2 Bb7 5.O-O c5 6.Nc3 Be7 7.d4 cxd4 8.Qxd4 Nc6 9.Qf4
O-O 10.e4 d6 11.Rd1 Qb8 12.b3 Rd8 13.Qe3 Ng4 14.Qe2 Bf6 15.Bb2 Rd7 16.Ne1 Nge5 17.f4
Ng6 18.e5 Be7 19.Nb5 Rd8 20.exd6 Bxd6 21.Nxd6 Rxd6 22.Nf3 Rxd1+ 23.Rxd1 Qf8 24.Rd7
Qc8 25.Qd2 Nce7 26.Qc3 f6 27.Rxb7 Qxb7 28.Nd4 Qc8 29.Bxa8 Qxa8 30.Nxe6 Qc6 31.Qe3
Nf5 32.Nd4 Nxd4 33.Bxd4 Kf7 34.f5 Ne7 35.g4 h5 36.h3 hxg4 37.hxg4 g6 38.fxg6+ Nxg6
39.Bc3 Qd6 40.Qf3 Ne5 41.Qb7+ Ke6 42.Qc8+ Kf7 43.Kf2 Nd7 44.Qb7 Qh2+ 45.Ke3 Qg1+ 46.Kd2
Qxg4 47.Qxa7 Qf4+ 48.Kc2 Qf2+ 49.Kb1 Qf1+ 50.Kb2 Qe2+ 51.Ka3 Qd3 52.Bb4 f5 53.Qc7
Ke6 54.Ka4 Qd4 55.Qc6+ Ke5 56.Qf3 Nc5+ 57.Kb5 Ne4 58.Qh5 Qd7+ 59.Kxb6 Qd8+ 60.Kb7
Qd7+ 61.Kb6 Qd8+ 62.Kb7 Qd7+ 63.Kb6 1/2-1/2

[Event "1. Bundesliga 2015/2016"]
[Site "St. Veit/Glan"]
[Date "2016.02.25"]
[Round "5"]
[Board "6"]
[White "Obermayr, Hermann"]
[Black "Halvax, Georg"]
[Result "0-1"]
[WhiteElo "2132"]
[BlackElo "2337"]
[PlyCount "60"]
[EventDate "2015.11.05"]
[EventType "team"]
[EventRounds "11"]
[EventCountry "AUT"]
[WhiteTeam "Spk. Grieskirchen/Bad Schallerbach"]
[BlackTeam "SC MPOE Maria Saal"]

1.d4 d5 2.Nf3 Nf6 3.c4 e6 4.Nc3 Bb4 5.cxd5 exd5 6.Qb3 c5 7.Bg5 Be6 8.e3 O-O 9.Be2
h6 10.Bh4 g5 11.Bg3 Ne4 12.Bxb8 Rxb8 13.h3 Qa5 14.Rc1 c4 15.Qd1 Nxc3 16.bxc3 Bxc3+
17.Kf1 Bf5 18.Ne5 f6 19.Ng4 Kg7 20.h4 h5 21.Nxf6 Rxf6 22.hxg5 Rff8 23.Bxh5 Bd2 24.Bg4
Bd3+ 25.Kg1 Bxc1 26.Qxc1 Qxa2 27.f4 Qb1 28.Qxb1 Bxb1 29.Kf2 Be4 30.Ra1 c3 0-1

[Event "1. Bundesliga 2015/2016"]
[Site "St. Veit/Glan"]
[Date "2016.02.25"]
[Round "5"]
[Board "1"]
[White "Georgiadis, Nico"]
[Black "Lenic, Luka"]
[Result "1/2-1/2"]
[WhiteElo "2486"]
[BlackElo "2628"]
[PlyCount "63"]
[EventDate "2015.11.05"]
[EventType "team"]
[EventRounds "11"]
[EventCountry "AUT"]
[WhiteTeam "Schachclub Sparkasse Goetzis"]
[BlackTeam "SV Raika Rapid Feffernitz"]

1.d4 Nf6 2.c4 e6 3.g3 d5 4.Nf3 dxc4 5.Bg2 Nc6 6.Qa4 Bd7 7.Qxc4 Na5 8.Qc2 Rc8 9.Ne5
c5 10.Nxd7 Qxd7 11.dxc5 Bxc5 12.Nc3 Nd5 13.Bxd5 exd5 14.O-O O-O 15.Qd3 d4 16.Ne4 Be7
17.Nd2 Rfe8 18.Nf3 Nc6 19.a3 Bf6 20.Bg5 Be5 21.Rac1 h6 22.Bd2 Qe6 23.b4 a6 24.b5 axb5
25.Qxb5 Qd7 26.Rfd1 Bf6 27.Kg2 Qe7 28.a4 Ra8 29.Re1 Qd7 30.Red1 Qe7 31.Re1 Qd7 32.Red1 1/2-1/2